000 00761nam a2200241 i 4500
001 7061
003 ES-MaACL
005 20230906145142.0
007 t|
008 900814s1990 sp ||||1| spa d
020 _a84-397-1656-7
080 _a46.318
100 1 _aGavilan, Francisco.
_956075
245 1 0 _aDiccionario de necedades nacionales
_b: guia para descubrir al conversador superfluo /
_cFrancisco Gavilan ; prologo de Jesus Hermida.
260 _aMadrid :
_bMondadori,
_cD.L. 1990.
300 _a203 p. ;
_c21 cm.
490 1 _aOmnibus
650 1 4 _aLengua espaƱola-
_xModismos.
_914174
700 1 _aHermida, Jesus,
_epr.
_962752
830 0 _aOmnibus
_9177342
852 _aES-MaACL
_jL-14308
_bR.118184
_z. - rust.
999 _c7061
_d7061